000 00532cam a2200181 4500
001 ##D15252
008 090401t1971 xxu||||| |||| 00| 0 eng d
035 _a(Sirsi) u21480
041 0 _aeng
050 0 4 _a333.0062 $2 18
110 2 _aRoyal Institution of Chartered Surveyors
_94900
245 0 0 _aConstitution and regulations of the branches
260 _aLondon
_bRICS
_c1971
300 _a12p.
_c22cm.
690 _aABOUT RICS-RICS STRUCTURE AND GOVERNANCE-RICS ROYAL CHARTER AND BYE-LAWS
942 _n0
948 _c04/03/1997
999 _c87987
_d87987